| 000 | 00440 a2200133 4500 | ||
|---|---|---|---|
| 001 | 91618 | ||
| 082 | _aPR 1585 | ||
| 090 |
_c43772 _d43771 |
||
| 100 | _aSarmad Tanveir; Prof Sikander Hayat and Nadeem Lehraseb, Advisors | ||
| 245 |
_aDevelopment of a Generic Embedded Audio-Video and Data Acquisition System with security System Interface _n53 "B" EC |
||
| 260 |
_aRawalpindi _bNUST _c2001 |
||
| 300 | _a160p | ||
| 500 | _aBE Project Reports | ||
| 942 |
_aCAE NUST _kPR 1585 |
||
| 999 |
_c326691 _d326691 |
||